Toutes les stations du train japonais Shinkansen sur une carte - Statistiques

Statistiques générales
  • Ce quiz a été pris 35 fois
  • Le résultat moyen est 24 sur 132
Réponses sur la Carte
Les réponses sont colorées sur une échelle allant du rouge au vert en fonction du pourcentage des utilisateurs qui les ont devinées à leur premier essai. Vous pouvez retrouver ces pourcentages ci-dessous.
 
Statistiques - réponses
Réponse % Correct
Ueno
94%
Shinagawa
91%
Tōkyō
91%
Kyōto
88%
Shin-Ōsaka
88%
Higashi-Hiroshima
85%
Hiroshima
85%
Nagasaki
79%
Nagoya
70%
Sapporo
70%
Shin-Kōbe
67%
Fukushima
64%
Hakata
64%
Sendai
58%
Shin-Yokohama
58%
Niigata
48%
Kagoshima-Chūō
45%
Okayama
45%
Akita
42%
Nagano
42%
Nara
42%
Shin-Aomori
42%
Shizuoka
42%
Hamamatsu
39%
Kanazawa
36%
Kumamoto
36%
Shin-Hakodate-Hokuto
36%
Yamagata
36%
Hizen-Yamaguchi
33%
Shin-Yamaguchi
33%
Gifu-Hashima
30%
Ōmiya
30%
Himeji
27%
Shin-Fuji
27%
Tsu
27%
Kokura
24%
Asa
21%
Fukui
21%
Toyama
21%
Fukuyama
18%
Iwate-Numakunai
18%
Jōetsumyōkō
18%
Morioka
18%
Saga
15%
Shichinohe-Towada
15%
Utsunomiya
15%
Atami
12%
Kaga-Onsen
12%
Odawara
12%
Takasaki
12%
Tsuruga
12%
Ueda
12%
Awara-Onsen
9%
Hachinohe
9%
Mishima
9%
Nishi-Akashi
9%
Shin-Kurashiki
9%
Shin-Shimonoseki
9%
Shin-Tosu
9%
Toyohashi
9%
Aioi
6%
Kakunodate
6%
Kikonai
6%
Kōfu
6%
Kōriyama
6%
Maibara
6%
Mikawa-Anjō
6%
Ninohe
6%
Ōmagari
6%
Sagamihara
6%
Shin-Hanamaki
6%
Shin-Otaru
6%
Takeo-Onsen
6%
Tazawako
6%
Annaka-Haruna
3%
Echigo-Yuzawa
3%
Karuizawa
3%
Komatsu
3%
Kurume
3%
Nagaoka
3%
Obama
3%
Oku-Tsugaru-Imabetsu
3%
Oyama
3%
Sakudaira
3%
Shinjō
3%
Shin-Onomichi
3%
Shiroishi-Zaō
3%
Tsubame-Sanjō
3%
Akayu
0%
Chikugo-Funagoya
0%
Furukawa
0%
Honjō-Waseda
0%
Ichinoseki
0%
Iida
0%
Iiyama
0%
Isahaya
0%
Itoigawa
0%
Izumi
0%
Jōmō-Kōgen
0%
Kakegawa
0%
Kaminoyama-Onsen
0%
Kitakami
0%
Kumagaya
0%
Kurikoma-Kōgen
0%
Kurobe-Unazuki-Onsen
0%
Kutchan
0%
Mihara
0%
Mizusawa-Esashi
0%
Murayama
0%
Nakatsugawa
0%
Nan'etsu
0%
Nasushiobara
0%
Ōishida
0%
Oshamambe
0%
Sakurambo-Higashine
0%
Shin-Iwakuni
0%
Shin-Minamata
0%
Shin-Ōmura
0%
Shin-Ōmuta
0%
Shin-Shirakawa
0%
Shin-Takaoka
0%
Shin-Tamana
0%
Shin-Yakumo
0%
Shin-Yatsushiro
0%
Shizukuishi
0%
Takahata
0%
Tendō
0%
Tokuyama
0%
Urasa
0%
Ureshino-Onsen
0%
Yonezawa
0%
Aucun quiz correspondant
Distribution des résultats
% des personnes avec chaque résultat
Percentile par nombre de réponses
Votre historique - résultats
Vous n’avez pas pris ce quiz